000 00349 a2200169 4500
001 190489
020 _a978-852626034-4
040 _cMagnum
100 _aAlencar, José de
240 1 0 _aO guarani
_lpor
245 1 0 _aO guarani
300 _a48
362 0 _a2007
440 1 _aScipione
697 _aLITERATURA INFANTO-JUVENIL
942 _cBK
999 _c190489
_d190489